All Films Directed by Christopher Nolan - Statistics

General Stats
  • This quiz has been taken 14 times
  • The average score is 10 of 13
Answer Stats
Hint Movie % Correct
4. Batman Begins
100%
9. Interstellar
100%
6. The Dark Knight
100%
7. Inception
91%
8. The Dark Knight Rises
91%
5. The Prestige
91%
12. Oppenheimer
82%
11. Tenet
82%
13. The Odyssey
82%
10. Dunkirk
73%
2. Memento
73%
3. Insomnia
64%
1. Larceny
0%
No matching quizzes found
Score Distribution
Percent of People with Each Score
Percentile by Number Answered
Your Score History
You have not taken this quiz